<?xml version="1.0" encoding="UTF-8"?>
<record
    xmlns:xsi="http://www.w3.org/2001/XMLSchema-instance"
    xsi:schemaLocation="http://www.loc.gov/MARC21/slim http://www.loc.gov/standards/marcxml/schema/MARC21slim.xsd"
    xmlns="http://www.loc.gov/MARC21/slim">

  <leader>01565nam a22002177a 4500</leader>
  <datafield tag="952" ind1=" " ind2=" ">
    <subfield code="0">0</subfield>
    <subfield code="1">0</subfield>
    <subfield code="4">0</subfield>
    <subfield code="7">0</subfield>
    <subfield code="a">23</subfield>
    <subfield code="b">23</subfield>
    <subfield code="d">2021-08-13</subfield>
    <subfield code="l">0</subfield>
    <subfield code="o">R751 H43</subfield>
    <subfield code="p">23 004011</subfield>
    <subfield code="r">2021-08-13</subfield>
    <subfield code="t">1</subfield>
    <subfield code="w">2021-08-13</subfield>
    <subfield code="y">LB</subfield>
  </datafield>
  <datafield tag="952" ind1=" " ind2=" ">
    <subfield code="0">0</subfield>
    <subfield code="1">0</subfield>
    <subfield code="4">0</subfield>
    <subfield code="7">0</subfield>
    <subfield code="a">23</subfield>
    <subfield code="b">23</subfield>
    <subfield code="d">2021-08-13</subfield>
    <subfield code="l">0</subfield>
    <subfield code="o">R751 H43</subfield>
    <subfield code="p">23 004012</subfield>
    <subfield code="r">2021-08-13</subfield>
    <subfield code="t">2</subfield>
    <subfield code="w">2021-08-13</subfield>
    <subfield code="y">LB</subfield>
  </datafield>
  <datafield tag="952" ind1=" " ind2=" ">
    <subfield code="0">0</subfield>
    <subfield code="1">0</subfield>
    <subfield code="4">0</subfield>
    <subfield code="7">0</subfield>
    <subfield code="a">23</subfield>
    <subfield code="b">23</subfield>
    <subfield code="d">2021-08-13</subfield>
    <subfield code="l">0</subfield>
    <subfield code="o">R751 H43</subfield>
    <subfield code="p">23 004013</subfield>
    <subfield code="r">2021-08-13</subfield>
    <subfield code="t">3</subfield>
    <subfield code="w">2021-08-13</subfield>
    <subfield code="y">LB</subfield>
  </datafield>
  <datafield tag="952" ind1=" " ind2=" ">
    <subfield code="0">0</subfield>
    <subfield code="1">0</subfield>
    <subfield code="4">0</subfield>
    <subfield code="7">0</subfield>
    <subfield code="a">23</subfield>
    <subfield code="b">23</subfield>
    <subfield code="d">2021-08-13</subfield>
    <subfield code="l">0</subfield>
    <subfield code="o">R751 H43</subfield>
    <subfield code="p">23 004014</subfield>
    <subfield code="r">2021-08-13</subfield>
    <subfield code="t">4</subfield>
    <subfield code="w">2021-08-13</subfield>
    <subfield code="y">LB</subfield>
  </datafield>
  <datafield tag="952" ind1=" " ind2=" ">
    <subfield code="0">0</subfield>
    <subfield code="1">0</subfield>
    <subfield code="4">0</subfield>
    <subfield code="7">0</subfield>
    <subfield code="a">23</subfield>
    <subfield code="b">23</subfield>
    <subfield code="d">2021-08-13</subfield>
    <subfield code="l">0</subfield>
    <subfield code="o">R751 H43</subfield>
    <subfield code="p">23 004015</subfield>
    <subfield code="r">2021-08-13</subfield>
    <subfield code="t">5</subfield>
    <subfield code="w">2021-08-13</subfield>
    <subfield code="y">LB</subfield>
  </datafield>
  <datafield tag="999" ind1=" " ind2=" ">
    <subfield code="c">104983</subfield>
    <subfield code="d">104983</subfield>
  </datafield>
  <controlfield tag="008">210813s2007    sp d|||f |||| 000 0 spa d</controlfield>
  <datafield tag="020" ind1=" " ind2=" ">
    <subfield code="a">9788445817315</subfield>
  </datafield>
  <datafield tag="050" ind1=" " ind2="4">
    <subfield code="a">R751</subfield>
    <subfield code="b">H43</subfield>
  </datafield>
  <datafield tag="100" ind1="1" ind2=" ">
    <subfield code="a">Hidalgo Vega, &#xC1;lvaro</subfield>
    <subfield code="e">autor</subfield>
  </datafield>
  <datafield tag="245" ind1="1" ind2="0">
    <subfield code="a">Recursos humanos para la salud: </subfield>
    <subfield code="b">suficiencia, adecuaci&#xF3;n y mejora</subfield>
    <subfield code="c">/ &#xC1;lvaro Hidalgo Vega, Juan del Llano Sa&#xF1;airs, Santiago P&#xE9;rez Camarero</subfield>
  </datafield>
  <datafield tag="260" ind1="3" ind2=" ">
    <subfield code="a">Barcelona</subfield>
    <subfield code="b">: masson</subfield>
    <subfield code="c">, 2007.</subfield>
  </datafield>
  <datafield tag="300" ind1=" " ind2=" ">
    <subfield code="a">xvi, 161 p&#xE1;ginas</subfield>
  </datafield>
  <datafield tag="490" ind1=" " ind2=" ">
    <subfield code="a">Colecci&#xF3;n de econom&#xED;a de la salud y gesti&#xF3;n sanitaria</subfield>
  </datafield>
  <datafield tag="504" ind1=" " ind2=" ">
    <subfield code="a">incluye bibliograf&#xED;a al final de cada cap&#xED;tulo</subfield>
  </datafield>
  <datafield tag="505" ind1="1" ind2=" ">
    <subfield code="a">Planificaci&#xF3;n y formaci&#xF3;n de m&#xE9;dicos en Espa&#xF1;a. Una perspectiva europea
Movilidad de los profesionales sanitarios: flujos, tendencias y consecuencias de la Uni&#xF3;n Europea
Comportamiento de los profesionales sanitarios en la Uni&#xF3;n Europea: reformas existentes y desaf&#xED;os pendientes
Relaciones laborales en la sanidad. &#xBF;Cu&#xE1;l es el papel de los sindicatos en el sector salud?
Reforma del Servicio Nacional de Salud de Inglaterra y su repercusi&#xF3;n en los recursos humanos del sector
Gesti&#xF3;n de la asistencia sanitaria y cambios en el &#xE1;mbito m&#xE9;dico
Incentivos y recursos humanos: la aplicaci&#xF3;n del personnel economics  en sanidad
Equipos de trabajo y eficacia de equipo en la asistencia sanitaria</subfield>
  </datafield>
  <datafield tag="519" ind1=" " ind2=" ">
    <subfield code="a">Material complementario / </subfield>
    <subfield code="d">(23 004011, 23 004012, 23 004013, 23 004014, 23 004015)</subfield>
  </datafield>
  <datafield tag="650" ind1=" " ind2="0">
    <subfield code="a">SANIDAD</subfield>
    <subfield code="x">RECURSOS HUMANOS</subfield>
  </datafield>
  <datafield tag="700" ind1="1" ind2=" ">
    <subfield code="a">Llano Se&#xF1;ariz, Juan del</subfield>
    <subfield code="e">autor</subfield>
  </datafield>
  <datafield tag="700" ind1="1" ind2=" ">
    <subfield code="a">P&#xE9;rez Camarero, Santiago</subfield>
    <subfield code="e">autor</subfield>
  </datafield>
  <datafield tag="942" ind1=" " ind2=" ">
    <subfield code="c">LB</subfield>
  </datafield>
</record>
